00548nam a2200181Ia 4500003000900000008004100009020001800050040001600068080002200084245009800106260003000204300001500234650002400249650004100273650002300314650001100337700001800348IN-BaIIA211028s9999 xx 000 0 eng d a0-444-51148-2 cIIA Library a047.1:535bPRO-44 0aProgress in opticsbvol. 44cedited by E. Wolf  aAmsterdambElsevierc2002 axii, 403p. aAstronomical optics aAstronomy and astrophysics Thesaurus aOptical properties aOptics aWolf, E., ed.